000 00324nam a2200109Ia 4500
008 171211s9999 xx 000 0 und d
245 _aFrak You!: The Ultimate Unauthorized Guide to Battlestar Galactica
245 _cJo Storm
260 _c2007
650 _xmusic
856 _uhttp://down.ebook777.com/061/9781550227895.pdf
999 _c348669
_d348669